| 000 | 00726pam a2200217 a 4500 | ||
|---|---|---|---|
| 001 | 2581425 | ||
| 005 | 20260420144827.0 | ||
| 008 | 960912s1997 nyu b 001 0 eng | ||
| 020 | _a0231096607 | ||
| 020 | _a9780231096607 | ||
| 050 | 0 | 0 |
_aBM729.H65 _bA47 1997 |
| 082 | 0 | 0 |
_a296/.08/6643 _220 |
| 100 | 1 |
_aAlpert, Rebecca T. _q(Rebecca Trachtenberg), _d1950- |
|
| 245 | 1 | 0 |
_aLike bread on the seder plate : _bJewish lesbians and the transformation of tradition / _cRebecca Alpert. |
| 260 |
_aNew York : _bColumbia University Press, _cc1997. |
||
| 300 |
_ax, 214 p. ; _c24 cm. |
||
| 440 | 0 | _aBetween men--between women | |
| 650 | 0 |
_aLesbianism _xReligious aspects _xJudaism. |
|
| 650 | 0 | _aJewish lesbians. | |
| 942 |
_2lcc _cBK _n0 |
||
| 999 |
_c9292 _d9292 |
||